[Sociálna politika]

Recenzia na publikáciu autorského kolektívu interných členov Katedry sociálneho rozvoja a práce Národohospodárskej fakulty Ekonomickej univerzity v Bratislave. Cieľom publikácie bolo rozobrať základné i niektoré čiastkové problémy sociálnej teórie a praxe a poskytnúť čitateľom orientáciu v danej obl...

ver descrição completa

Na minha lista:
Detalhes bibliográficos
Autor principal: Pongráczová, Eva, 1971-
Formato: Capítulo de Livro
Idioma:eslovaco
Assuntos:
Tags: Adicionar Tag
Sem tags, seja o primeiro a adicionar uma tag!

MARC

LEADER 00000naa$a2200000$$$4500
001 0079191
005 20240502071915.2
041 0 |a slo 
044 |a SK 
245 1 0 |a [Sociálna politika]  |c Eva Pongráczová 
520 |a Recenzia na publikáciu autorského kolektívu interných členov Katedry sociálneho rozvoja a práce Národohospodárskej fakulty Ekonomickej univerzity v Bratislave. Cieľom publikácie bolo rozobrať základné i niektoré čiastkové problémy sociálnej teórie a praxe a poskytnúť čitateľom orientáciu v danej oblasti. 
610 2 0 |a recenzie 
610 2 0 |a politika sociálna 
610 2 0 |a štát sociálny 
610 2 0 |a pojmy 
610 2 0 |a globalizácia 
610 2 0 |a zabezpečenie sociálne 
100 1 |a Pongráczová, Eva, 1971-